000 00609cam a22002053a 4500
001 43853
003 PGUSA
005 20140828084011.0
008 130930s2013||||xxu|||||s|||||000 | eng d
040 _aPGUSA
_beng
042 _adc
100 1 _aSnell, Roy J.
_q(Roy Judson),
_d1878-1959
245 1 4 _aThe Galloping Ghost :
_bA Mystery Story for Boys
_h[electronic resource] /
_cRoy J. Snell
260 _bProject Gutenberg,
_c2013
506 _aPublic domain in the USA.
516 _aElectronic text
830 0 _aProject Gutenberg
_v43853
856 4 0 _uhttp://www.gutenberg.org/ebooks/43853
942 _cEB
999 _c273104
_d273104